Making learning happen: a guide for post-compulsory education/

Gespeichert in:
Bibliographische Detailangaben
1. Verfasser: RACE, Phil
Format: Buch
Sprache:Englisch
Veröffentlicht: Sage 2014
Tags: Tag hinzufügen
Keine Tags, Fügen Sie den ersten Tag hinzu!

MARC

LEADER 00000nam a22000007a 4500
008 210818b ||||| |||| 00| 0 eng d
020 |a ISBN: 978-1-4462-8596-1 
100 |a RACE, Phil. 
245 |a Making learning happen: a guide for post-compulsory education/  |c  Phil Race.  |g xiv; 290p. ill. 
250 |b .3rd ed.-   |c  Phil Race 
260 |b  Sage  |c  2014  |h . Los Angeles  |i 692122 – EDM  |i  692123  |l LB2331 .R11  |m 1. Effective teaching.  |m 2. College teaching  |m 3. Post-compulsory education.  |m I. Title. 
500 |a “It includes index and references” 
942 |a lcc  |c BK  |e j. o. ifatola  |f 18/ 08/ 2021 
952 |0 0  |1 0  |2 lcc  |4 0  |6 LB2331 R11  |7 0  |9 3096  |a EDM  |b HOL  |c LP  |d 2021-08-18  |l 0  |o LB2331 .R11  |p 2021-66794  |r 2021-08-18 00:00:00  |w 2021-08-18  |y BK 
952 |0 0  |1 0  |2 lcc  |4 0  |6 LB2331 R11  |7 0  |9 3097  |a EDM  |b HOL  |c LP  |d 2021-08-18  |l 0  |o LB2331 .R11  |p 2021-66795  |r 2021-08-18 00:00:00  |w 2021-08-18  |y BK 
999 |c 1570  |d 1570